000 00612nam a2200181 i 4500
001 39922
003 ES-MaACL
005 20230906160114.0
007 t|
008 030304s1980 sp ||||1| spa d
100 1 _aCandil Jiménez, Francisco.
_934467
245 1 0 _aEn torno al "furtum posessions" /
_cFrancisco Candil Jiménez.
260 _aMadrid :
_bInstituto de Estudios Jurídicos,
_c1980.
300 _a18 h. ;
_c24 cm.
500 _aEs separata de: Anuario de Derecho Penal y Ciencias Penales, 1980. p. 387-421.
852 _aES-MaACL
_j2116-F-35
_bR.101033
852 _aES-MaACL
_j2116-F-36
_bR.101032
999 _c39922
_d39922